Normal view MARC view
  • Rare books

Entry Topical Term

Number of records used in: 4

001 - CONTROL NUMBER

  • control field: 23458

003 - CONTROL NUMBER IDENTIFIER

  • control field: NUST

005 - DATE AND TIME OF LATEST TRANSACTION

  • control field: 20191010104647.0

008 - FIXED-LENGTH DATA ELEMENTS

  • fixed length control field: 191010|| aca||aabn | a|a d

040 ## - CATALOGING SOURCE

  • Original cataloging agency: NUST
  • Transcribing agency: NUST

150 ## - HEADING--TOPICAL TERM

  • Topical term or geographic name entry element: Rare books
  • Geographic subdivision: Philippines
  • Geographic subdivision: Manila
  • Form subdivision: Bibliography.

670 ## - SOURCE DATA FOUND

  • Source citation: Work cat.: (NUST)0: Catalogue of rare books :, 2001-2015.
© 2023 Central Library, National University of Sciences and Technology. All Rights Reserved.